LEADER 01593nam a2200265 4500 001 000000355751 003 CaOOAMICUS 005 20231107145925.0 008 231017s2022 it 000 u ita r 040 $aSeMil$bita 110 0 $aRinnovamento nello Spirito Santo :$bComitato nazionale di servizio.$0(OLS)http://semarc/name/91292 245 10$a«Mi ami tu?» :$blinee d'indirizzo pastorale e criteri di discernimento personale e comunitario in vista dei rinnovi degli Organismi di servizio, quadriennio 2023-2026 /$cRinnovamento nello Spirito Santo. 264 1$a[s.l.] :$bEdizioni Rinnovamento nello Spirito Santo,$c2022. 300 $a71 p. ;$c21 cm 500 $aIn mezzo al front.: Testo redatto dal presidente nazionale, approvato all'unanimitą dal Comitato nazionale di servizio e dal Consiglio nazionale il 20 novembre 2022, solennitą di Cristo Re 541 0 $aOmaggio mons. Mario Delpini (5B IV 1/19) 650 4$aPastorale.$0(OLS)http://semarc/subject/3408 650 4$aRinnovamento nello Spirito Santo.$0(OLS)http://semarc/subject/16451 850 $aSeMil 852 $aSeMil$W1$xVenegono$y1$m5B IV 1/19$j244201$B246982$CSeMilBibl$Z2$F246982 $81 941 1 $a7 961 $aOmaggio mons. Mario Delpini 996 $6245$a«Mi ami tu?» :$blinee d'indirizzo pastorale e criteri di discernimento personale e comunitario in vista dei rinnovi degli Organismi di servizio, quadriennio 2023-2026$9(OLS)http://semarc/title/445974 996 $6264$a[s.l.] :$bEdizioni Rinnovamento nello Spirito Santo$9(OLS)http://semarc/publisher/61333 LEADER 01161nam a2200265 i 4500 001 000000116823 003 CaOOAMICUS 005 20030630000000.0 008 030630n it u000 u ita u 013 $a89512 020 $a88-311-5482-6 040 $aSeMil$bita 245 10$aDialogando con i figli /$cpresentazione del Card. Carlo M. Martini. 300 $a461 p. 490 0 $aTestimoni 700 1 $aBeltrame Quattrocchi, Maria .$0(OLS)http://semarc/name/4745 700 1 $aBeltrame Quattrocchi, Luigi .$0(OLS)http://semarc/name/4744 700 1 $aMartini, Carlo Maria,$c.$0(OLS)http://semarc/name/89159 773 0 $aBeltrame Quattrocchi, Luigi $tLettere d'amore.$dRoma : Cittą Nuova, copyr. 2001.$w()9622 830 0$aTestimoni.$0(OLS)http://semarc/title/10583 850 $aSeMil 852 $aSeMil$W1$xVenegono$y1$m3J IV 52$j72228$B72228$CSeMilBibl$Z2$F90928 $81 961 $aOmaggio: Martini Card. Carlo Maria 996 $6020$a88-311-5482-6$9(OLS)http://semarc/number/101030 996 $6245$aDialogando con i figli$9(OLS)http://semarc/title/171344